Vista normal
Vista MARC
Entrada Nombre Geográfico
Número de registros utilizados en: 1216
001 - CONTROL NUMBER
- control field: 1246
003 - CONTROL NUMBER IDENTIFIER
- control field: AR-RoUNA
005 - DATE AND TIME OF LATEST TRANSACTION
- control field: 20260407120153.0
008 - FIXED-LENGTH DATA ELEMENTS
- fixed length control field: 140919|| aca||aabn | a|a d
040 ## - CATALOGING SOURCE
- Original cataloging agency: AR-RoUNA
- Transcribing agency: AR-RoUNA
151 ## - HEADING--GEOGRAPHIC NAME
- Geographic name: Rosario (Santa Fe, Argentina)
670 ## - SOURCE DATA FOUND
- Source citation: Work cat.: (AR-RoUNA): Organizacion Viajes de Estudios de Arquitectura 1243, Guia de la construccion de Rosario, 1968?